| 000 | 01059nam a2200169Ia 4500 | ||
|---|---|---|---|
| 003 | STCL | ||
| 008 | 181203s9999 xx 000 0 und d | ||
| 040 |
_aSTCL _bEN _cSTCL |
||
| 082 | _222 | ||
| 100 | _aBalakrishnan, B.C., Ed. | ||
| 245 | 0 | _aമലയാള മഹാനിഘണ്ടു: സമഗ്രമായ മലയാളം-മലയാളം-ഇംഗ്ലീഷ് നിഘണ്ടു: ആഗമികവും ഭാഷാശാസ്ത്രപരവുമായ തത്ത്വങ്ങളെ ആധാരമാക്കി നിർമ്മിച്ചിട്ടുള്ളതു്: വാല്യം 5: ഘ-ണ്യ | |
| 246 | _aമലയാളം ലെക്സിക്കൺ / ലക്സിക്കൺ / ലക്സിക്കൻ / ലെക്സിക്കൻ: Malayalam Lexicon: A Comprehensive Malayalam-Malayalam-English Dictionary on Historical and Philological Principles: Volume 5 | ||
| 260 |
_bUniversity of Kerala _aThiruvananthapuram _c1985 |
||
| 300 | _a1053 | ||
| 546 | _aMalayalam | ||
| 942 |
_2ddc _cBK |
||
| 999 |
_c84801 _d84801 |
||